Estatísticas para Campeãs do Carnaval do Rio de Janeiro

Clique aqui para jogar o quiz

Estatísticas Gerais

  • Esse quiz foi jogado 453 vezes
    (39 desde o último reset)
  • A pontuação média é 81 de 94

Estatísticas das Respostas

AnoEscola% Correto
1980Portela
100%
1946Portela
100%
1960Portela
100%
1959Portela
100%
1958Portela
100%
1957Portela
100%
1964Portela
100%
1966Portela
100%
1953Portela
100%
2017Portela
100%
1962Portela
100%
1947Portela
100%
1945Portela
100%
1944Portela
100%
1943Portela
100%
1942Portela
100%
1941Portela
100%
1984Portela
100%
1939Portela
100%
1970Portela
100%
1935Portela
100%
2005Beija-Flor de Nilópolis
94%
1977Beija-Flor de Nilópolis
94%
1978Beija-Flor de Nilópolis
94%
2007Beija-Flor de Nilópolis
94%
2004Beija-Flor de Nilópolis
94%
2003Beija-Flor de Nilópolis
94%
1980Beija-Flor de Nilópolis
94%
2008Beija-Flor de Nilópolis
94%
2011Beija-Flor de Nilópolis
94%
2015Beija-Flor de Nilópolis
94%
1998Beija-Flor de Nilópolis
94%
1983Beija-Flor de Nilópolis
94%
2018Beija-Flor de Nilópolis
94%
2019Beija-Flor de Nilópolis
94%
1976Beija-Flor de Nilópolis
94%
1933Estação Primeira de Mangueira
92%
1998Estação Primeira de Mangueira
92%
1986Estação Primeira de Mangueira
92%
1987Estação Primeira de Mangueira
92%
1932Estação Primeira de Mangueira
92%
2002Estação Primeira de Mangueira
92%
1954Estação Primeira de Mangueira
92%
1934Estação Primeira de Mangueira
92%
1940Estação Primeira de Mangueira
92%
1973Estação Primeira de Mangueira
92%
2016Estação Primeira de Mangueira
92%
1961Estação Primeira de Mangueira
92%
1967Estação Primeira de Mangueira
92%
1968Estação Primeira de Mangueira
92%
1990Mocidade Independente de Padre Miguel
86%
1979Mocidade Independente de Padre Miguel
86%
2017Mocidade Independente de Padre Miguel
86%
1985Mocidade Independente de Padre Miguel
86%
1996Mocidade Independente de Padre Miguel
86%
1991Mocidade Independente de Padre Miguel
86%
1997Unidos do Viradouro
86%
2020Unidos do Viradouro
86%
2024Unidos do Viradouro
86%
2014Unidos da Tijuca
83%
1936Unidos da Tijuca
83%
2012Unidos da Tijuca
83%
2010Unidos da Tijuca
83%
1965Acadêmicos do Salgueiro
81%
1971Acadêmicos do Salgueiro
81%
1993Acadêmicos do Salgueiro
81%
1975Acadêmicos do Salgueiro
81%
2009Acadêmicos do Salgueiro
81%
1963Acadêmicos do Salgueiro
81%
1974Acadêmicos do Salgueiro
81%
1969Acadêmicos do Salgueiro
81%
2022Acadêmicos do Grande Rio
78%
2023Imperatriz Leopoldinense
78%
1989Imperatriz Leopoldinense
78%
1980Imperatriz Leopoldinense
78%
1994Imperatriz Leopoldinense
78%
2001Imperatriz Leopoldinense
78%
2000Imperatriz Leopoldinense
78%
1999Imperatriz Leopoldinense
78%
1995Imperatriz Leopoldinense
78%
1981Imperatriz Leopoldinense
78%
2013Unidos de Vila Isabel
67%
1988Unidos de Vila Isabel
67%
2006Unidos de Vila Isabel
67%
1949Império Serrano
64%
1948Império Serrano
64%
1972Império Serrano
64%
1950Império Serrano
64%
1951Império Serrano
64%
1982Império Serrano
64%
1956Império Serrano
64%
1955Império Serrano
64%
1992Estácio de Sá
50%
1937Vizinha Faladeira
28%

Distribuição das Pontuações

Percentil de Números Respondidos

Porcentagem de Pessoas com Cada Pontuação

Sua Pontuação Histórica

Você não jogou esse quiz desde o último reset